000 00749nas a2200253 4500
001 BR2017002817
003 BR-BrBNA
005 20231205131111.0
007 ta
008 230509b bl.|||p| |||| 00| 00por d
040 _aBR-BrBNA
_bpor
_cBiblioteca Nacional de Agricultura
041 _a(Pt)
072 _aE50
100 1 _aVIsbiski, V.N.
100 1 _aWeirich Neto, P.H.
245 1 _aCasa familiar rural: uma escola diferente
650 _aCOMUNIDADE RURAL
650 _aAGRICULTURA
650 _aEDUCAÇÃO
650 _aSOCIOLOGIA RURAL
773 0 _tExtensão Rural. Revista do Deaer (Brazil)
_xISSN 1415-7802
_g(Jan-Dec 2004), v. 11 p. 105-118
_wBR2017002817
909 _a202311
_bLúcia
_c55
_dLúcia Elande
942 _2AGRIS
_n0
_cANA
999 _c253026
_d253026